<?xml version="1.0" encoding="UTF-8"?>
<marc:record xmlns:marc="http://www.loc.gov/MARC21/slim">
   <marc:leader>00000nam a2200000 a 4500</marc:leader>
   <marc:datafield ind1="1" ind2=" " tag="100">
      <marc:subfield code="a">Haber, Samu</marc:subfield>
      <marc:subfield code="4">aut</marc:subfield>
      <marc:subfield code="e">Verfasser/-in</marc:subfield>
   </marc:datafield>
   <marc:datafield ind1="1" ind2=" " tag="100">
      <marc:subfield code="a">Nyholm, Tuomas</marc:subfield>
      <marc:subfield code="4">aut</marc:subfield>
      <marc:subfield code="e">Verfasser/-in</marc:subfield>
   </marc:datafield>
   <marc:datafield ind1="0" ind2="0" tag="245">
      <marc:subfield code="a">Forever yours</marc:subfield>
   </marc:datafield>
   <marc:datafield ind1="0" ind2="0" tag="245">
      <marc:subfield code="c">Samu Haber</marc:subfield>
   </marc:datafield>
   <marc:datafield ind1=" " ind2="1" tag="264">
      <marc:subfield code="a">München</marc:subfield>
      <marc:subfield code="b">Riva</marc:subfield>
      <marc:subfield code="c">2020</marc:subfield>
   </marc:datafield>
   <marc:datafield ind1="1" ind2=" " tag="520">
      <marc:subfield code="a">Das Leben von Samu Haber, dem beliebten The-Voice-of-Germany-Coach und charismatischen Frontmann von Sunrise Avenue, gleicht einer Achterbahnfahrt: Als die Plattenfirmen sein Potenzial nicht erkennen, erkämpft sich der Sohn eines Deutschen und einer Finnin kurzerhand selbst seinen Platz auf dem Musikmarkt. Doch der Erfolg fordert seinen Tribut: Burn-out, zerbrochene Beziehungen, künstlerische Krisen und Verhöre durch die Kriminalpolizei inklusive. Die schonungslos ehrliche Lebensbeichte eines Jungen, der auszog, seine Träume zu verwirklichen, und den seine Liebe zur Musik durch alle harten Zeiten hindurch gerettet hat.</marc:subfield>
   </marc:datafield>
   <marc:datafield ind1=" " ind2=" " tag="020">
      <marc:subfield code="a">9783742315700</marc:subfield>
      <marc:subfield code="9">9783742315700</marc:subfield>
   </marc:datafield>
   <marc:datafield ind1=" " ind2=" " tag="020">
      <marc:subfield code="a">3742315706</marc:subfield>
      <marc:subfield code="9">3742315706</marc:subfield>
   </marc:datafield>
   <marc:datafield ind1=" " ind2=" " tag="300">
      <marc:subfield code="a">398 Seiten</marc:subfield>
   </marc:datafield>
</marc:record>
